[Event "GER-chT U12"]
[Site "Arendsee"]
[Date "2009.12.28"]
[Round "3.1"]
[White "Groening, Finn Jonathan"]
[Black "Kieslich, Aaron"]
[Result "1-0"]
[WhiteElo "1731"]
[BlackElo "1700"]
[PlyCount "93"]
[EventDate "2009.12.27"]
[EventType "team-swiss"]
[EventRounds "7"]
[EventCountry "GER"]
[SourceTitle "EXT 2022"]
[Source "ChessBase"]
[SourceDate "2021.10.06"]
[SourceVersion "1"]
[SourceVersionDate "2021.10.06"]
[SourceQuality "1"]
[WhiteTeam "Hamburger SK U12"]
[BlackTeam "Coswig TuS U12"]
[WhiteTeamCountry "GER"]
[BlackTeamCountry "GER"]

1. e4 c5 2. Nf3 Nc6 3. d4 cxd4 4. Nxd4 Nf6 5. Nc3 e5 6. Ndb5 d6 7. Bg5 a6 8. Na3 b5 9. Nd5 Be7 10. Nxe7 Qxe7 11. c3 0-0 12. Nc2 h6 13. Bh4 Rd8 14. Ne3 Be6 15. Bd3 Ra7 16. Bc2 Rad7 17. Bb3 Na5 18. Bd5 Nc4 19. Nxc4 bxc4 20. 0-0 Bxd5 21. Bxf6 Qxf6 22. Qxd5 Qe6 23. b4 cxb3 24. axb3 Qxd5 25. exd5 Rb7 26. Rfb1 Ra8 27. f3 f5 28. Ra4 g5 29. Kf2 Kf7 30. b4 Ke7 31. Ke3 Kd7 32. Rba1 Rba7 33. c4 Rc7 34. Kd3 Rac8 35. Rc1 Ra8 36. c5 dxc5 37. bxc5 Rac8 38. Ra5 h5 39. Kc4 g4 40. Re1 Re8 41. Rxa6 h4 42. Rh6 h3 43. fxg4 hxg2 44. gxf5 Rg8 45. Rg6 Rxg6 46. fxg6 Kd8 47. Rg1 1-0

[Event "GER-ch U12"]
[Site "Willingen"]
[Date "2009.06.03"]
[Round "7"]
[White "Imcke, Patrick"]
[Black "Groening, Finn Jonathan"]
[Result "1-0"]
[WhiteElo "1711"]
[BlackElo "1513"]
[PlyCount "73"]
[EventDate "2009.05.30"]
[EventType "swiss"]
[EventRounds "11"]
[EventCountry "GER"]
[SourceTitle "EXT 2010"]
[Source "ChessBase"]
[SourceDate "2010.11.25"]
[SourceVersion "1"]
[SourceVersionDate "2010.11.25"]
[SourceQuality "1"]

1. e4 c6 2. d4 d5 3. e5 Bf5 4. c3 e6 5. Be3 Qb6 6. Qb3 Nd7 7. f4 c5 8. Nf3 c4 9. Qxb6 Nxb6 10. Be2 Na4 11. Bc1 Ne7 12. 0-0 Ng6 13. Nbd2 Ne7 14. b3 cxb3 15. Bb5+ Nc6 16. Bxa4 bxa2 17. Rxa2 a6 18. Ba3 b5 19. Bxf8 bxa4 20. Bxg7 Rg8 21. Bf6 Na5 22. Rxa4 Nc4 23. Nxc4 dxc4 24. Nd2 Bd3 25. Rfa1 Rb8 26. Rxa6 Kd7 27. Rd6+ Kc7 28. Raa6 Rb2 29. Ra7+ Kb8 30. Rdd7 Rxd2 31. g3 Be4 32. Be7 Rg2+ 33. Kf1 Rxh2 34. Bd6+ Kc8 35. Rac7+ Kb8 36. Rxc4+ Ka8 37. Ra4# 1-0

[Event "GER-ch U12"]
[Site "Willingen"]
[Date "2009.06.01"]
[Round "4"]
[White "Groening, Finn Jonathan"]
[Black "Schmitt, Carsten"]
[Result "1-0"]
[WhiteElo "1513"]
[BlackElo "1624"]
[PlyCount "159"]
[EventDate "2009.05.30"]
[EventType "swiss"]
[EventRounds "11"]
[EventCountry "GER"]
[SourceTitle "EXT 2010"]
[Source "ChessBase"]
[SourceDate "2010.11.25"]
[SourceVersion "1"]
[SourceVersionDate "2010.11.25"]
[SourceQuality "1"]

1. e4 c5 2. Nf3 Nc6 3. d4 cxd4 4. Nxd4 g6 5. Be3 Bg7 6. Bc4 Nf6 7. Nc3 0-0 8. 0-0 Qc7 9. f3 Nxd4 10. e5 Qxc4 11. exf6 Bxf6 12. Qd2 Nf5 13. Bg5 Qc5+ 14. Rf2 Bd4 15. Raf1 f6 16. Bf4 e5 17. Bg3 Nxg3 18. hxg3 Bxf2+ 19. Rxf2 f5 20. Kh2 f4 21. g4 d6 22. Ne4 Qc6 23. Nc3 Be6 24. Re2 Bc4 25. Re1 Rfe8 26. Ne4 Rf8 27. b3 Bd5 28. Nc3 Bf7 29. Ne4 Rad8 30. g5 Kg7 31. Qf2 Be6 32. Re2 Bf5 33. Nd2 Rc8 34. c4 Bd3 35. Re1 Rce8 36. a4 e4 37. fxe4 Bxe4 38. Qd4+ Kg8 39. Nxe4 Re5 40. b4 f3 41. b5 Qd7 42. gxf3 Qe6 43. Nc5 Qe7 44. Rxe5 Qxe5+ 45. Qxe5 dxe5 46. Nxb7 Rxf3 47. Nd6 Rf4 48. Kg3 Kf8 49. a5 Rd4 50. c5 Rd3+ 51. Kf2 Ke7 52. Nc8+ Kd7 53. Nxa7 Ra3 54. c6+ Kd8 55. b6 Rc3 56. c7+ Rxc7 57. bxc7+ Kxc7 58. Ke3 Kb7 59. Nb5 Ka6 60. Nd6 Kxa5 61. Ke4 Kb6 62. Kxe5 Kc6 63. Ke6 Kc5 64. Nf7 Kd4 65. Kf6 Ke4 66. Kg7 Kf5 67. Kxh7 Ke6 68. Kxg6 Ke7 69. Kh7 Kxf7 70. g6+ Kf6 71. g7 Ke5 72. g8Q Kd4 73. Qe6 Kd3 74. Qe5 Kc4 75. Qd6 Kc3 76. Qd5 Kb4 77. Qc6 Kb3 78. Qc5 Kb2 79. Qc4 Ka3 80. Qb5 1-0

[Event "GER-ch U12"]
[Site "Willingen"]
[Date "2009.05.31"]
[Round "2"]
[White "Groening, Finn Jonathan"]
[Black "Gassmann, Linda"]
[Result "1-0"]
[WhiteElo "1513"]
[BlackElo "1143"]
[PlyCount "161"]
[EventDate "2009.05.30"]
[EventType "swiss"]
[EventRounds "11"]
[EventCountry "GER"]
[SourceTitle "EXT 2010"]
[Source "ChessBase"]
[SourceDate "2010.11.25"]
[SourceVersion "1"]
[SourceVersionDate "2010.11.25"]
[SourceQuality "1"]

1. e4 e5 2. Nf3 Nc6 3. Bb5 d6 4. 0-0 Bg4 5. h3 Bh5 6. d3 Nf6 7. Nc3 Be7 8. Be3 0-0 9. Re1 a6 10. Ba4 h6 11. a3 Nh7 12. Nd5 Ng5 13. Nxe7+ Qxe7 14. Bxg5 hxg5 15. g4 Bg6 16. Bxc6 bxc6 17. Qd2 f6 18. Qc3 Qd7 19. d4 Rab8 20. dxe5 fxe5 21. Nxg5 Qe7 22. h4 Rf4 23. f3 Be8 24. b4 Bd7 25. Qb3+ Kh8 26. Kg2 a5 27. Nh3 Rf6 28. Qc3 a4 29. Rh1 d5 30. exd5 cxd5 31. Ng5 e4 32. fxe4 dxe4 33. Kg3 Qd6+ 34. Kh3 Rbf8 35. Rad1 Qc6 36. Qxc6 Bxc6 37. Rhe1 Rf2 38. c4 Ra2 39. Re3 Re8 40. b5 Bb7 41. Rd7 g6 42. Rxc7 Ba8 43. b6 Rb2 44. Nf7+ Kg8 45. Nd6 Rb8 46. Nxe4 R2xb6 47. Ra7 Rb3 48. Nf6+ Kf8 49. Nd7+ Kg8 50. Nxb8 Rxe3+ 51. Kh2 Bf3 52. Rxa4 Bxg4 53. c5 Rh3+ 54. Kg1 Bd1 55. Rf4 Rxa3 56. c6 Rc3 57. Rd4 Bf3 58. Rd8+ Kf7 59. Rd7+ Ke6 60. Rg7 Kf6 61. Rc7 Ke6 62. Rc8 Ke7 63. Kf2 Kd6 64. Rg8 Be4 65. Rg7 Ke6 66. c7 Kd6 67. Na6 Ke6 68. Ke1 Kf6 69. Rh7 g5 70. Rh6+ Kg7 71. hxg5 Bb7 72. Kd2 Rc4 73. Ke3 Bxa6 74. Rxa6 Rxc7 75. Kf4 Rc4+ 76. Kf5 Rc5+ 77. Kg4 Rc4+ 78. Kh5 Rc1 79. Ra7+ Kh8 80. Kh6 Rc6+ 81. g6 1-0

[Event "GER-ch U12"]
[Site "Willingen"]
[Date "2009.05.30"]
[Round "1"]
[White "Xu, Xianliang"]
[Black "Groening, Finn Jonathan"]
[Result "1-0"]
[WhiteElo "1921"]
[BlackElo "1513"]
[PlyCount "49"]
[EventDate "2009.05.30"]
[EventType "swiss"]
[EventRounds "11"]
[EventCountry "GER"]
[SourceTitle "EXT 2010"]
[Source "ChessBase"]
[SourceDate "2010.11.25"]
[SourceVersion "1"]
[SourceVersionDate "2010.11.25"]
[SourceQuality "1"]

1. e4 c6 2. d4 d5 3. f3 e6 4. Nc3 Bb4 5. Qd3 b6 6. Be2 Ba6 7. Qe3 Bxe2 8. Ngxe2 dxe4 9. fxe4 Nf6 10. Bd2 0-0 11. a3 Be7 12. 0-0-0 c5 13. dxc5 Bxc5 14. Qg3 Qe7 15. e5 Nh5 16. Qh3 g6 17. g4 Ng7 18. Ne4 h5 19. Bg5 Qc7 20. Nf6+ Kh8 21. gxh5 gxh5 22. Nxh5 Rc8 23. Nxg7+ Kxg7 24. Bf6+ Kg6 25. Nf4# 1-0

[Event "GER-ch U10"]
[Site "Willingen"]
[Date "2007.06.01"]
[Round "10"]
[White "Groening, Finn Jonathan"]
[Black "Lagunow, Raphael"]
[Result "0-1"]
[WhiteElo "1015"]
[BlackElo "1683"]
[PlyCount "82"]
[EventDate "2007.05.26"]
[EventType "swiss"]
[EventRounds "11"]
[EventCountry "GER"]
[SourceTitle "CBM 118 Extra"]
[Source "ChessBase"]
[SourceDate "2007.07.04"]
[SourceVersion "1"]
[SourceVersionDate "2007.07.04"]
[SourceQuality "1"]

1. e4 c5 2. Nf3 Nc6 3. d4 cxd4 4. Nxd4 Nf6 5. Nc3 e5 6. Nf3 Bb4 7. Bd3 d5 8. Qe2 d4 9. a3 Bxc3+ 10. bxc3 dxc3 11. 0-0 0-0 12. Bg5 h6 13. Bh4 Qd6 14. Rfd1 Bg4 15. Bc4 Qe7 16. Qd3 Rad8 17. Qxc3 Nxe4 18. Bxe7 Nxc3 19. Rxd8 Nxd8 20. Bxf8 Kxf8 21. Nxe5 Bf5 22. g4 Bh7 23. Re1 Ne4 24. f3 Nf6 25. Nd7+ Nxd7 26. Bb5 Nf6 27. f4 Ne6 28. f5 Nd4 29. Be2 Nxe2+ 30. Rxe2 Nxg4 31. h3 Nf6 32. Rd2 Ke7 33. Rf2 Kd6 34. c4 Kc5 35. Rg2 g6 36. fxg6 Bxg6 37. Rf2 Ne4 38. Rb2 b6 39. Rb4 Nd2 40. Ra4 a5 41. Kf2 Bc2 0-1

[Event "GER-ch U10"]
[Site "Willingen"]
[Date "2007.06.01"]
[Round "11"]
[White "Heinemann, Josefine"]
[Black "Groening, Finn Jonathan"]
[Result "0-1"]
[WhiteElo "851"]
[BlackElo "1015"]
[PlyCount "78"]
[EventDate "2007.05.26"]
[EventType "swiss"]
[EventRounds "11"]
[EventCountry "GER"]
[SourceTitle "CBM 118 Extra"]
[Source "ChessBase"]
[SourceDate "2007.07.04"]
[SourceVersion "1"]
[SourceVersionDate "2007.07.04"]
[SourceQuality "1"]

1. e4 e5 2. Nf3 Nc6 3. Nc3 Nf6 4. Bb5 Bb4 5. a3 Ba5 6. Bxc6 dxc6 7. d3 Qd6 8. 0-0 0-0 9. d4 Bxc3 10. bxc3 Nxe4 11. dxe5 Qxd1 12. Rxd1 Nxc3 13. Rd3 Ne2+ 14. Kf1 Nxc1 15. Rxc1 Bg4 16. Rcd1 Bxf3 17. Rxf3 Rfe8 18. Rfd3 Rxe5 19. Rd8+ Re8 20. Rxe8+ Rxe8 21. Rd7 Rc8 22. Ke2 Kf8 23. Kd3 Ke8 24. Rd4 Rd8 25. Ke3 Rxd4 26. Kxd4 Kd7 27. c4 b6 28. c5 bxc5+ 29. Kxc5 a6 30. Kb4 Kd6 31. Ka5 c5 32. Kxa6 c4 33. Kb7 c3 34. a4 c2 35. a5 c1Q 36. a6 Qb2+ 37. Ka8 c5 38. a7 Kc7 39. f4 Qb7# 0-1